【都道府県別】在来線県内最長駅間距離 - Statistics

General Stats
  • This quiz has been taken 16 times
  • The average score is 19 of 100
Answer Stats
都道府県 駅名 距離(km) % Correct
白滝
86%
北海道 上川 37.3
71%
福井県 敦賀 16.6
50%
南今庄
50%
倶利伽羅 6.3
43%
津幡
43%
区界
36%
山梨県 小淵沢 7.4
36%
長坂
36%
静岡県 金谷 9.3
36%
菊川
36%
滋賀県 貴生川 9.6
36%
紫香楽宮跡
36%
那覇空港
36%
岩手県 上米内 25.7
29%
富山県 石動 7.2
29%
岐阜県 下呂 12.6
29%
焼石
29%
愛知県 豊橋 6.9
29%
二川
29%
柘植
29%
京都府 上夜久野 7.4
29%
下夜久野
29%
大阪府 関西空港 6.9
29%
りんくうタウン
29%
兵庫県 生野 8.3
29%
新井
29%
鳥取県 鳥取 11.1
29%
福部
29%
広島県 河内 12.3
29%
本郷
29%
沖縄県 赤嶺 2.0
29%
羽沢横浜国大
21%
福岡
21%
西条
21%
加太 8.9
21%
和歌山県 周参見 9.0
21%
見老津
21%
香川県 琴平 6.4
21%
塩入
21%
国分
21%
宮城県 塩釜 10.0
14%
松島
14%
栃木県 鹿沼 9.5
14%
鶴田
14%
成田湯川
14%
東京都 新秋津 5.6
14%
新小平
14%
神奈川県 鶴見 8.8
14%
新潟県 十日町 13.3
14%
まつだい
14%
石川県 穴水 6.3
14%
能登鹿島
14%
長野県 明科 9.0
14%
紀伊長島
14%
奈良県 榛原 7.1
14%
室生口大野
14%
島根県 戸田小浜 9.8
14%
益田
14%
山口県 厚東 10.3
14%
福岡県 筑前内野 10.2
14%
筑前山家
14%
佐賀県 多良 7.9
14%
肥前大浦
14%
宮地
14%
大分県 由布院 10.9
14%
野矢
14%
鹿児島県 霧島神宮 12.7
14%
千葉県 空港第2ビル 9.7
14%
釜淵 9.2
7%
真室川
7%
茨城県 大甕 7.4
7%
東海
7%
群馬県 上牧 7.1
7%
後閑
7%
埼玉県 小川町 8.0
7%
明覚
7%
三重県 梅ケ谷 8.9
7%
岡山県 岩山 8.3
7%
新見
7%
本由良
7%
徳島県 海部 6.1
7%
宍喰
7%
長崎県 諫早 7.6
7%
岩松
7%
熊本県 波野 10.7
7%
宮崎県 青井岳 11.3
7%
田野
7%
青森県 有戸 13.4
0%
吹越
0%
秋田県 阿仁マタギ 8.9
0%
戸沢
0%
山形県 羽前沼沢 9.2
0%
手ノ子
0%
福島県 川前 10.4
0%
夏井
0%
愛媛県 伊予桜井 7.6
0%
伊予三芳
0%
高知県 影野 10.7
0%
六反地
0%
No matching quizzes found
Score Distribution
Percent of People with Each Score
Percentile by Number Answered
Your Score History
You have not taken this quiz